000 00605nam a2200241Ia 4500
003 OSt
005 20221007100356.0
006 a|||||r|||| 00| 0
007 ta
008 221006b |||||||| |||| 00| 0 eng d
024 _a4,319
037 _cTextual
040 _aLCO
_cLCO
_beng
041 _2eng
_aeng
082 _aW:511, L9
100 _aBERLIN Isaiah
245 0 _aIdea of freedom
260 _aOxford
_bOxford University press
_c1972
300 _a297
650 _aIDEA OF FREEDOM
_9701581
942 _hW:511, L9
_cTEXL
999 _c1173882
_d1173882